000
00306nam a22001337a 4500
008
181101b xxu||||| |||| 00| 0 eng d
020
_a
666410016958
041
_a
eng
080
_a
159.9
100
_a
48
101
_a
PSI
245
_a
Mayo Clinic on Alzheimer's Disease
_c
Petersen,R
942
_2
udc
_c
BK
999
_c
51463
_d
51463